000 00828nam a2200229Ii 4500
003 JO-AjNU
008 230605s9999||||xx |||||||||||||| ||und||
017 _a2009/6/24447
020 _a978-9957-499-84-6
040 _aJO-AjNU
_bara
_erda
_cJO-AjNU
041 _aara
050 1 4 _aHF 5549 .R52 2010
100 3 _aتأليف: رضا،هاشم حمدي,
_eauthor
_928978
245 0 0 _aتنمية وبناء نظم الموارد البشرية
250 _aط1
264 3 1 _aعمان: دار الراية للنشر والتوزيع؛2010
300 _a171ص
_bيحتوي على ببلوغرافية من ص 169-171ص
336 _atext
_btxt
_2rdacontent
337 _aunmediated
_bn
_2rdamedia
338 _avolume
_bnc
_2rdacarrier
650 4 _aادارة الموارد البشرية-ادارة الافراد
_928979
999 _aA11308
_c14876
_d14876